000 00202nam a2200085Ia 4500
008 170620s9999 xx 000 0 und d
100 _aSharma- A.S
245 0 _aDictionary of Psychology
260 _bNew Delhi- A.P.H
260 _c2011
999 _c25746
_d25746